MDQL
is popping MORE tags! Check the
thread
!
Quizzes
Events
Quiz Creation
Community
Videos
Private Events
Remove Ads
Sign In
Join for FREE
Feedback
Dark Mode
Quiz Categories
Sports
Geography
Music
Movies
Television
Just For Fun
Miscellaneous
History
Literature
Language
Science
Gaming
Entertainment
Religion
Holiday
For Kids
Quiz Lab
Recent
Popular Today
Quiz Kudos Today
Editor Picks
Curator Picks
Quizzes by...
Day
Popularity
Type
Ratings
Length
Year
Community
Subscriptions
Recent Discussions
Orange Saloon
Badges
Playlists
Quests
Create
Leaderboards
Showdown
Live 5
Trivia Bingo
Activity
Puzzle Library
Sporcle Events
Private Events
Virtual Trivia
Globe League
Become a Host
Pub Owners
SporcleCon
Opinionation
Our Games
Videos
Blog
Mobile Apps
Partnerships
Remove Ads and Go Orange
Feedback
Television
TV Characters
TV Show
Sitcom
Network
Friends
Reality Shows
Cast
South Park
Star Trek
The Simpsons
Doctor Who
Television
TV Characters
TV Show
Sitcom
Network
Friends
Reality Shows
Cast
South Park
Star Trek
The Simpsons
Doctor Who
Random Quiz
Search Sporcle
×
Quiz Lab
Quiz Lab
Television
Lyrics
Type in answers that appear in a list
Type in answers that appear in a list
Classic
Best Score? Go Orange.
Guy Love Lyrics Stats
Can you name the lyrics of guy love?
By
Shermanator
5m
26 Questions
189 Plays
189 Plays
189 Plays
Comments
Comments
Give Quiz Kudos
Give Quiz Kudos
-
- Ratings
hide this ad
Replay
Link that replays current quiz
Next Quiz
Link to next quiz in quiz playlist
You Got
0%
They Got
Avg Score
67%
Avg Friend Score
Upgrade to see
Score Distribution
Jump to the score distribution portion of the page
Score
0/26
Timer
05:00
0
Plays Today
Line Beginning
Line Ending
% Correct
It's guy love...
between two guys
90.5%
It's guy love...
between two guys
90.5%
It's guy love...
between two guys
90.5%
Guy love...
he's mine I'm his
74.1%
There's nothing...
gay about it in our eyes
74.1%
Let's face the facts about me and you...
a love unspecified
73%
I feel exactly those feelings too...
and that's why i keep them inside
72%
You're the only man...
who's ever been inside of me
72%
That's why our matching...
bracelets say Turk and J.D.
70.9%
We're closer than...
the average man and wife
69.3%
Than explain our...
guy love, that's all it is
68.3%
There's no need to clarify...
Oh no?
67.2%
Just let it grow...
more and more each day
67.2%
Line Beginning
Line Ending
% Correct
And when I say...
I love you Turk
67.2%
'Cause this bear, can't bare the world's disdain...
and sometimes it's easier to hide
65.1%
Whoah whoah...
I just took out his appendix
64.6%
It's not...
what it implies
64.6%
You ask me 'bout this thing we share...
and he tenderly replies
63.5%
Holding up your heart...
into the sky
63%
You know I'll stick by you...
for the rest of my life
60.8%
I'll be there to...
share the highs
58.7%
The feeling of...
some other guy
57.7%
It's like I married my best friend...
but in a totally manly way. Let's go!
54.5%
It's guy love...
don't compromise
54.5%
I'll be there to...
care through all the lows
47.6%
Though I'm proud to call you chocolate bear...
the crowd will always talk and stare
46.6%
Quiz Playlist
Details
Report
Send in Message
Add To Playlist
Classic:
Type in answers that appear in a list
Last Updated: Feb 16, 2017
Quiz Scoreboard
CHALLENGE
Sign Up to Join the Scoreboard
Show All
Scores
Hide
Comments
May contain spoilers
Recently Published
Colored Red Africa Blitz
by spor1
Geography
30s
Find the 'City' Movie
by crazypaving
Movies
60s
5x2 Blitz: Bands
by SL_Kpop136
Music
30s
More to Explore
Quiz From the Vault
Featured Blog Post
14 Easter Pick-up Lines to Find Eggs With
hide this ad
You Might Also Like...
Tags
Lyrics Quiz
Begins With
Ending
Guy
Love
Today's Top Quizzes in Television
Browse Television
hide this ad
Today's Top Quizzes in Lyrics
Browse Lyrics
Top Contributed Quizzes in Television
1
Survivor Journey Challenge
2
Brooklyn Nine Nine Logic Puzzle (How-To-Play)
3
Phoebe Buffay Quotes
4
One Tree Hill Logic Puzzle
5
Survivor Logic Puzzle: Heroes vs. Villains
6
Survivor Trivia
7
Game of Thrones: Tywin Lannister Start to Finish
8
All US Survivor Seasons in Order
9
Emmerdale Characters (from August 2012)
10
Survivor Trivia #6: Criteria Quiz!
Explore More
Trending Topics
Marvel
Crossword
Disney
NBA
Anime
Kpop
Harry Potter
Soccer
Puzzle
WWE
NFL
Country
The Office
Song
Pokémon
hide this ad
More By:
Shermanator
Quiz
Plays
Rating
Category
Featured
Created
Movies by Character (A-Z)
105,059
4.10
Movies
Oct 14, 2009
Vowel-less Movie Titles IV
32,393
4.30
Movies
Apr 13, 2010
TV Show Theme Songs (Clips)
3,650
3.48
Television
Apr 22, 2010
Ultimate Movie Millionaire
803
2.38
Movies
Apr 27, 2010
DC Comic Movies
626
3.50
Movies
Oct 15, 2009
Go to Creator's Profile
Score Distribution
Quiz Creator Spotlight
Shermanator
Follow
Send a Message
Quizzes Created
-
Created Quiz Play Count
-
More By This Creator
Popular Quizzes Today
1
Find the 'City' Movie
2
Colored Red Africa Blitz
3
Find the US States - No Outlines Minefield
4
5x2 Blitz: Bands
5
The Countries of the World
6
Find the US States
7
US States
8
9x9 Crossword: Cartoon Network
More Television Quizzes
Arrested Development Family Portrait
Editor's Pick
Trending Quizzes
Colored Red Europe Blitz I
Colored Red Africa Blitz II
Colored Red Europe Blitz II
Colored Red Africa Blitz III
Colored Red Europe Blitz III
Recently Updated
2024 March Madness Bracket
pecheneg
Famous TV Couples
Peacemaker
Champions League XIs: Real Madrid
pecheneg
Largest US Cities 1790-2010
pecheneg
Rides in Walt Disney World
pecheneg
Most Oscar Losses (Acting)
pecheneg
Beyoncé Albums
pecheneg
Leaping Animals
pecheneg
Reality TV Shows (A-Z)
bhenderson79
Rickey Henderson's Hall of Fame Teammates
pecheneg
Trending Topics
NBA
Harry Potter
Disney
Marvel
Anime
Crossword
Kpop
Soccer
Puzzle
Pokémon
WWE
Song
NFL
The Office
Country
Your Account Isn't Verified!
In order to create a playlist on Sporcle, you need to verify the email address you used during registration. Go to your
Sporcle Settings
to finish the process.
Report this User
Report this user for behavior that violates our
Community Guidelines
.
Details:
Send Report
Go to the Sporcle.com Mobile Site →
Comments